000 00721cam a2200265 a 4500
999 _c4471
_d4471
001 11259
003 GBCCL
005 20241126110519.0
008 810407s1981 ilu 00010 eng
010 _a 81003947 //r88
020 _a080244962X
035 _aOCM07462316
040 _aDLC
_cDLC
_dLBB
049 _aLBBK
050 0 _aBV230
_b.M23
082 0 _a226.96077
_219
092 _a226.96077
_bM116
100 1 0 _aMacArthur, John,
_d1939-
_91165
245 1 0 _aJesus' pattern of prayer /
_cby John MacArthur, Jr.
250 _apaperback edition
260 0 _aChicago, [Ill.] :
_bMoody Press,
_c1984, c1981.
300 _a141 p. ;
_c21 cm.
630 0 0 _aLord's prayer
_xCommentaries.
_98342
942 _2ddc
_cBK
_02